[Event "Stay Safe Play From Home 138"]
[Site "T#645932Emanuel Laske"]
[Date "2020.05.10"]
[Round "6"]
[White "Edmatuag"]
[Black "Greblah"]
[Result "0-1"]
[WhiteElo "1734"]
[BlackElo "1792"]
[Annotator "NA RC"]
[PlyCount "144"]
[EventDate "2020.05.10"]
[EventType "swiss (blitz)"]

1. e4 {[%emt 0:00:03]} c6 {[%emt 0:00:00]} 2. d4 {[%emt 0:00:02]} d5 {[%emt 0:00:00]} 3. e5 {[%emt 0:00:02]} Bf5 {[%emt 0:00:02]} 4. g4 {[%emt 0:00:01]} Be4 {[%emt 0:00:01]} 5. f3 {[%emt 0:00:00]} Bg6 {[%emt 0:00:01]} 6. Ne2 {[%emt 0:00:07]} e6 {[%emt 0:00:12]} 7. c3 {[%emt 0:00:11]} h6 {[%emt 0:00:09]} 8. Ng3 {[%emt 0:00:04]} Be7 {[%emt 0:00:03]} 9. Be3 {[%emt 0:00:08]} Bh4 {[%emt 0:00:03]} 10. Nd2 {[%emt 0:00:04]} Ne7 {[%emt 0:00:09]} 11. Bh3 {[%emt 0:00:28]} h5 {[%emt 0:00:09]} 12. g5 {[%emt 0:00:08]} Nf5 {[%emt 0:00:19]} 13. Bxf5 {[%emt 0:00:02]} Bxf5 {[%emt 0:00:03]} 14. O-O {[%emt 0:00:05]} Bxg3 {[%emt 0:00:26]} 15. hxg3 {[%emt 0:00:02]} Nd7 {[%emt 0:00:06]} 16. Rf2 {[%emt 0:00:06]} Qb6 {[%emt 0:00:03]} 17. Qb3 {[%emt 0:00:05]} O-O-O {[%emt 0:00:07]} 18. Qxb6 {[%emt 0:00:09]} Nxb6 {[%emt 0:00:07]} 19. b3 {[%emt 0:00:01]} Rdg8 {[%emt 0:00:16]} 20. Rh2 {[%emt 0:00:05]} f6 {[%emt 0:00:06]} 21. exf6 {[%emt 0:00:08]} gxf6 {[%emt 0:00:02]} 22. gxf6 {[%emt 0:00:05]} Rxg3+ {[%emt 0:00:03]} 23. Kf2 {[%emt 0:00:00]} Rg6 {[%emt 0:00:15]} 24. Bf4 {[%emt 0:00:04]} Nd7 {[%emt 0:00:07]} 25. Be5 {[%emt 0:00:21]} Nxf6 {[%emt 0:00:02]} 26. Rah1 {[%emt 0:00:05]} Rf8 {[%emt 0:00:03]} 27. Bxf6 {[%emt 0:00:03]} Rgxf6 {[%emt 0:00:01]} 28. Rxh5 {[%emt 0:00:03]} Bg4 {[%emt 0:00:02]} 29. Rh8 {[%emt 0:00:05]} Kc7 {[%emt 0:00:15]} 30. Rxf8 {[%emt 0:00:05]} Rxf8 {[%emt 0:00:00]} 31. Ke3 {[%emt 0:00:09]} Bf5 {[%emt 0:00:01]} 32. Rg1 {[%emt 0:00:07]} Rf7 {[%emt 0:00:03]} 33. a4 {[%emt 0:00:06]} Rh7 {[%emt 0:00:01]} 34. b4 {[%emt 0:00:06]} Kd6 {[%emt 0:00:01]} 35. Nf1 {[%emt 0:00:13]} b6 {[%emt 0:00:05]} 36. a5 {[%emt 0:00:02]} bxa5 {[%emt 0:00:02]} 37. bxa5 {[%emt 0:00:00]} c5 {[%emt 0:00:00]} 38. Ng3 {[%emt 0:00:02]} Bc2 {[%emt 0:00:07]} 39. Rc1 {[%emt 0:00:07]} Ba4 {[%emt 0:00:02]} 40. Rh1 {[%emt 0:00:07]} Rxh1 {[%emt 0:00:03]} 41. Nxh1 {[%emt 0:00:00]} cxd4+ {[%emt 0:00:02]} 42. cxd4 {[%emt 0:00:03]} Kc6 {[%emt 0:00:06]} 43. Kf4 {[%emt 0:00:04]} Bc2 {[%emt 0:00:01]} 44. Ke5 {[%emt 0:00:02]} Bf5 {[%emt 0:00:01]} 45. Ng3 {[%emt 0:00:01]} Bh3 {[%emt 0:00:01]} 46. Nh5 {[%emt 0:00:01]} Kb5 {[%emt 0:00:01]} 47. Nf4 {[%emt 0:00:02]} Bf5 {[%emt 0:00:04]} 48. Nxe6 {[%emt 0:00:00]} Bc2 {[%emt 0:00:06]} 49. Nc7+ {[%emt 0:00:02]} Kxa5 {[%emt 0:00:02]} 50. Nxd5 {[%emt 0:00:00]} Kb5 {[%emt 0:00:01]} 51. Ne3 {[%emt 0:00:01]} Bb3 {[%emt 0:00:02]} 52. f4 {[%emt 0:00:04]} a5 {[%emt 0:00:01]} 53. Nf5 {[%emt 0:00:10]} a4 {[%emt 0:00:02]} 54. d5 {[%emt 0:00:01]} a3 {[%emt 0:00:03]} 55. Nd4+ {[%emt 0:00:00]} Kc4 {[%emt 0:00:03]} 56. Nxb3 {[%emt 0:00:01]} Kxb3 {[%emt 0:00:01]} 57. d6 {[%emt 0:00:01]} a2 {[%emt 0:00:00]} 58. d7 {[%emt 0:00:01]} a1=Q+ {[%emt 0:00:00]} 59. Kd6 {[%emt 0:00:01]} Qf6+ {[%emt 0:00:01]} 60. Kc7 {[%emt 0:00:01]} Qxf4+ {[%emt 0:00:01]} 61. Kc8 {[%emt 0:00:01]} Qc4+ {[%emt 0:00:01]} 62. Kb8 {[%emt 0:00:02]} Qb5+ {[%emt 0:00:02]} 63. Kc8 {[%emt 0:00:01]} Qc6+ {[%emt 0:00:01]} 64. Kd8 {[%emt 0:00:01]} Kc4 {[%emt 0:00:05]} 65. Ke7 {[%emt 0:00:01]} Qe4+ {[%emt 0:00:01]} 66. Kf8 {[%emt 0:00:01]} Qf5+ {[%emt 0:00:01]} 67. Ke7 {[%emt 0:00:01]} Qe5+ {[%emt 0:00:01]} 68. Kf7 {[%emt 0:00:01]} Qd6 {[%emt 0:00:02]} 69. Ke8 {[%emt 0:00:03]} Qe6+ {[%emt 0:00:01]} 70. Kd8 {[%emt 0:00:01]} Kd5 {[%emt 0:00:01]} 71. Kc7 {[%emt 0:00:01]} Qc6+ {[%emt 0:00:01]} 72. Kd8 {[%emt 0:00:02]} Kd6 {[%emt 0:00:03] Edmatuag resigns (Lag: Av=0.43s, max=0.7s)} 0-1

[Event "Stay Safe Play From Home 138"]
[Site "T#645932Emanuel Laske"]
[Date "2020.05.10"]
[Round "6"]
[White "Timbre"]
[Black "Gmbasti"]
[Result "1-0"]
[WhiteElo "1620"]
[BlackElo "1669"]
[Annotator "NA RC"]
[PlyCount "119"]
[EventDate "2020.05.10"]
[EventType "swiss (blitz)"]

1. d4 {[%emt 0:00:14]} d5 {[%emt 0:00:04]} 2. Nf3 {[%emt 0:00:01]} Nf6 {[%emt 0:00:01]} 3. c3 {[%emt 0:00:01]} Bg4 {[%emt 0:00:01]} 4. Bf4 {[%emt 0:00:01]} e6 {[%emt 0:00:01]} 5. e3 {[%emt 0:00:01]} c6 {[%emt 0:00:03]} 6. Be2 {[%emt 0:00:01]} Bf5 {[%emt 0:00:05]} 7. Bd3 {[%emt 0:00:03]} Ne4 {[%emt 0:00:01]} 8. Qc2 {[%emt 0:00:03]} Nd7 {[%emt 0:00:03]} 9. Nbd2 {[%emt 0:00:02]} Ndf6 {[%emt 0:00:02]} 10. O-O {[%emt 0:00:03]} Bd6 {[%emt 0:00:02]} 11. Bxd6 {[%emt 0:00:04]} Qxd6 {[%emt 0:00:01]} 12. Ne5 {[%emt 0:00:02]} Ng4 {[%emt 0:00:09]} 13. f3 {[%emt 0:00:09]} Nxe5 {[%emt 0:00:02]} 14. fxe4 {[%emt 0:00:04]} Nxd3 {[%emt 0:00:03]} 15. exf5 {[%emt 0:00:02]} exf5 {[%emt 0:00:37]} 16. Qxd3 {[%emt 0:00:02]} g6 {[%emt 0:00:03]} 17. Nf3 {[%emt 0:00:02]} O-O {[%emt 0:00:02]} 18. Rae1 {[%emt 0:00:03]} f6 {[%emt 0:00:01]} 19. h3 {[%emt 0:00:01]} Rfe8 {[%emt 0:00:02]} 20. Qd2 {[%emt 0:00:07]} Kg7 {[%emt 0:00:01]} 21. Re2 {[%emt 0:00:02]} Re7 {[%emt 0:00:03]} 22. Rfe1 {[%emt 0:00:01]} Rae8 {[%emt 0:00:02]} 23. b3 {[%emt 0:00:01]} b5 {[%emt 0:00:02]} 24. Qc2 {[%emt 0:00:05]} Qg3 {[%emt 0:00:04]} 25. c4 {[%emt 0:00:03]} dxc4 {[%emt 0:00:07]} 26. bxc4 {[%emt 0:00:02]} b4 {[%emt 0:00:09]} 27. Qb2 {[%emt 0:00:04]} a5 {[%emt 0:00:02]} 28. d5 {[%emt 0:00:01]} Re4 {[%emt 0:00:06]} 29. dxc6 {[%emt 0:00:02]} Rxc4 {[%emt 0:00:01]} 30. a3 {[%emt 0:00:07]} Rxc6 {[%emt 0:00:04]} 31. axb4 {[%emt 0:00:01]} axb4 {[%emt 0:00:02]} 32. Qxb4 {[%emt 0:00:02]} Rc7 {[%emt 0:00:01]} 33. Qb6 {[%emt 0:00:04]} Ree7 {[%emt 0:00:01]} 34. Qb3 {[%emt 0:00:05]} Re4 {[%emt 0:00:12]} 35. Rc2 {[%emt 0:00:08]} Rce7 {[%emt 0:00:06]} 36. Rce2 {[%emt 0:00:02]} f4 {[%emt 0:00:02]} 37. Qd3 {[%emt 0:00:10]} fxe3 {[%emt 0:00:03]} 38. Rxe3 {[%emt 0:00:02]} f5 {[%emt 0:00:07]} 39. Rxe4 {[%emt 0:00:09]} fxe4 {[%emt 0:00:01]} 40. Qc3+ {[%emt 0:00:07]} Kh6 {[%emt 0:00:09]} 41. Qe3+ {[%emt 0:00:01]} g5 {[%emt 0:00:04]} 42. Nh2 {[%emt 0:00:03]} Qf4 {[%emt 0:00:24]} 43. Ng4+ {[%emt 0:00:05]} Kg6 {[%emt 0:00:02]} 44. Qxf4 {[%emt 0:00:02]} gxf4 {[%emt 0:00:01]} 45. Kf2 {[%emt 0:00:02]} h5 {[%emt 0:00:06]} 46. Nh2 {[%emt 0:00:02]} Kf5 {[%emt 0:00:08]} 47. Nf3 {[%emt 0:00:05]} e3+ {[%emt 0:00:10]} 48. Ke2 {[%emt 0:00:06]} Rd7 {[%emt 0:00:05]} 49. Rd1 {[%emt 0:00:03]} Rg7 {[%emt 0:00:04]} 50. Rg1 {[%emt 0:00:04]} Rd7 {[%emt 0:00:02]} 51. Nh4+ {[%emt 0:00:05]} Ke4 {[%emt 0:00:08]} 52. Nf3 {[%emt 0:00:02]} Ra7 {[%emt 0:00:03]} 53. Rd1 {[%emt 0:00:03]} Ra2+ {[%emt 0:00:02]} 54. Ke1 {[%emt 0:00:09]} e2 {[%emt 0:00:08]} 55. Rd2 {[%emt 0:00:06]} Ra1+ {[%emt 0:00:24]} 56. Kxe2 {[%emt 0:00:02]} Ra5 {[%emt 0:00:13]} 57. Kf2 {[%emt 0:00:02]} h4 {[%emt 0:00:02]} 58. Nxh4 {[%emt 0:00:03]} Rh5 {[%emt 0:00:02]} 59. Nf3 {[%emt 0:00:02]} Rf5 {[%emt 0:00:01]} 60. Rd4# {[%emt 0:00:03] (Lag: Av=0.28s, max=1.1s)} 1-0

[Event "Stay Safe Play From Home 138"]
[Site "T#645932Emanuel Laske"]
[Date "2020.05.10"]
[Round "6"]
[White "Özgür7"]
[Black "Sadbat1122"]
[Result "0-1"]
[WhiteElo "1604"]
[BlackElo "1565"]
[Annotator "NA RC"]
[PlyCount "136"]
[EventDate "2020.05.10"]
[EventType "swiss (blitz)"]

1. e4 {[%emt 0:00:06]} e6 {[%emt 0:00:02]} 2. d4 {[%emt 0:00:02]} d5 {[%emt 0:00:02]} 3. exd5 {[%emt 0:00:02]} exd5 {[%emt 0:00:04]} 4. Nf3 {[%emt 0:00:02]} Nf6 {[%emt 0:00:02]} 5. Bd3 {[%emt 0:00:01]} Bg4 {[%emt 0:00:02]} 6. O-O {[%emt 0:00:02]} Be7 {[%emt 0:00:02]} 7. h3 {[%emt 0:00:02]} Bh5 {[%emt 0:00:02]} 8. Be3 {[%emt 0:00:05]} O-O {[%emt 0:00:02]} 9. Nbd2 {[%emt 0:00:01]} Nbd7 {[%emt 0:00:07]} 10. c3 {[%emt 0:00:01]} c5 {[%emt 0:00:02]} 11. dxc5 {[%emt 0:00:05]} Bxc5 {[%emt 0:00:02]} 12. Bxc5 {[%emt 0:00:06]} Nxc5 {[%emt 0:00:02]} 13. Bc2 {[%emt 0:00:05]} Nce4 {[%emt 0:00:04]} 14. Nxe4 {[%emt 0:00:13]} dxe4 {[%emt 0:00:02]} 15. Qxd8 {[%emt 0:00:02]} Raxd8 {[%emt 0:00:02]} 16. Ng5 {[%emt 0:00:04]} Bg6 {[%emt 0:00:09]} 17. Rad1 {[%emt 0:00:08]} h6 {[%emt 0:00:04]} 18. Rxd8 {[%emt 0:00:07]} Rxd8 {[%emt 0:00:05]} 19. Nxe4 {[%emt 0:00:43]} Bxe4 {[%emt 0:00:06]} 20. Bxe4 {[%emt 0:00:04]} Nxe4 {[%emt 0:00:02]} 21. f3 {[%emt 0:00:00]} Nf6 {[%emt 0:00:03]} 22. Rf2 {[%emt 0:00:01]} Rd1+ {[%emt 0:00:03]} 23. Kh2 {[%emt 0:00:02]} Re1 {[%emt 0:00:02]} 24. Rd2 {[%emt 0:00:04]} Kh7 {[%emt 0:00:04]} 25. a3 {[%emt 0:00:06]} b5 {[%emt 0:00:03]} 26. Rd3 {[%emt 0:00:08]} Re2 {[%emt 0:00:04]} 27. b3 {[%emt 0:00:04]} Nh5 {[%emt 0:00:07]} 28. Rd4 {[%emt 0:00:12]} Rc2 {[%emt 0:00:11]} 29. c4 {[%emt 0:00:05]} bxc4 {[%emt 0:00:02]} 30. bxc4 {[%emt 0:00:05]} Nf6 {[%emt 0:00:03]} 31. a4 {[%emt 0:00:06]} Kg6 {[%emt 0:00:04]} 32. Kg3 {[%emt 0:00:04]} Nh5+ {[%emt 0:00:09]} 33. Kh2 {[%emt 0:00:07]} f5 {[%emt 0:00:05]} 34. Rd6+ {[%emt 0:00:05]} Nf6 {[%emt 0:00:05]} 35. Rc6 {[%emt 0:00:03]} Ra2 {[%emt 0:00:05]} 36. Ra6 {[%emt 0:00:02]} Rc2 {[%emt 0:00:07]} 37. Rc6 {[%emt 0:00:02]} a5 {[%emt 0:00:04]} 38. Rc5 {[%emt 0:00:03]} f4 {[%emt 0:00:09]} 39. Rc6 {[%emt 0:00:12]} Kf5 {[%emt 0:00:06]} 40. Rc5+ {[%emt 0:00:02]} Ke6 {[%emt 0:00:02]} 41. Rxa5 {[%emt 0:00:03]} Rxc4 {[%emt 0:00:02]} 42. h4 {[%emt 0:00:02]} g6 {[%emt 0:00:08]} 43. Ra6+ {[%emt 0:00:04]} Ke7 {[%emt 0:00:04]} 44. a5 {[%emt 0:00:02]} g5 {[%emt 0:00:05]} 45. hxg5 {[%emt 0:00:02]} hxg5 {[%emt 0:00:02]} 46. Ra7+ {[%emt 0:00:02]} Ke6 {[%emt 0:00:02]} 47. a6 {[%emt 0:00:02]} Kf5 {[%emt 0:00:02]} 48. Ra8 {[%emt 0:00:12]} Ra4 {[%emt 0:00:02]} 49. a7 {[%emt 0:00:01]} Ra1 {[%emt 0:00:05]} 50. g3 {[%emt 0:00:08]} Ra2+ {[%emt 0:00:08]} 51. Kh3 {[%emt 0:00:07]} fxg3 {[%emt 0:00:02]} 52. Kxg3 {[%emt 0:00:03]} Ra3 {[%emt 0:00:05]} 53. Kf2 {[%emt 0:00:02]} g4 {[%emt 0:00:13]} 54. fxg4+ {[%emt 0:00:02]} Nxg4+ {[%emt 0:00:02]} 55. Ke2 {[%emt 0:00:03]} Nf6 {[%emt 0:00:02]} 56. Kd2 {[%emt 0:00:02]} Ra6 {[%emt 0:00:04]} 57. Kc3 {[%emt 0:00:02]} Nd5+ {[%emt 0:00:09]} 58. Kc4 {[%emt 0:00:02]} Nc7 {[%emt 0:00:02]} 59. Rf8+ {[%emt 0:00:04]} Ke6 {[%emt 0:00:02]} 60. a8=Q {[%emt 0:00:12]} Nxa8 {[%emt 0:00:02]} 61. Kb5 {[%emt 0:00:02]} Nc7+ {[%emt 0:00:04]} 62. Kc5 {[%emt 0:00:03]} Kd7 {[%emt 0:00:03]} 63. Rg8 {[%emt 0:00:01]} Ra5+ {[%emt 0:00:02]} 64. Kc4 {[%emt 0:00:01]} Kc6 {[%emt 0:00:02]} 65. Rg7 {[%emt 0:00:00]} Kb7 {[%emt 0:00:01]} 66. Rxc7+ {[%emt 0:00:00]} Kxc7 {[%emt 0:00:01]} 67. Kb4 {[%emt 0:00:00]} Ra1 {[%emt 0:00:02]} 68. Kc4 {[%emt 0:00:00]} Kc6 {[%emt 0:00:02] Zaman (Lag: Av=1.12s, max=2.6s)} 0-1

[Event "Stay Safe Play From Home 138"]
[Site "T#645932Emanuel Laske"]
[Date "2020.05.10"]
[Round "7"]
[White "lazieri3"]
[Black "Greblah"]
[Result "1-0"]
[WhiteElo "2057"]
[BlackElo "1806"]
[Annotator "TA"]
[PlyCount "169"]
[EventDate "2020.05.10"]
[EventType "swiss (blitz)"]

{[%evp 9,169,8,27,9,14,0,0,0,0,0,0,-31,68,48,69,58,51,52,56,46,86,13,14,14,33,33,33,53,363,18,18,18,62,18,30,0,34,0,0,0,0,0,0,0,0,0,0,0,0,0,0,0,0,0,19,0,19,26,54,54,75,75,75,66,66,66,67,50,53,-92,-92,-105,-112,-277,-209,-258,-251,-235,-232,-228,-227,-225,-218,-230,-28,-104,29998,0,0,0,0,0,0,0,0,-304,-307,-637,-582,-550,0,0,0,0,0,0,363,95,29987,29988,29986,1718,2206,2158,29994,29995,29995,29993,29993,29993,29995,12845,29990,29983,29987,29986,29986,29987,29989,29990,29990,29989,29990,0,29991,29986,29993,29986,29986,27999,27998,27999,27999,27999,27999,27998,27999,27999,27999,27998,27999,27999,27999,27999,27999,27999,27999,27999,27999,27999,27999,27999]} 1. e4 c6 2. Nf3 d5 3. exd5 cxd5 4. d4 Nc6 5. c3 g6 6. Be3 {B13: Caro-Kann: Exchange Variation and Panov-Botvinnik Attack.} Bg7 {[#]} 7. Qc1 $146 ({Predecessor:} 7. Bd3 Nh6 8. h3 O-O 9. O-O f6 10. Bc2 Nf7 11. Qc1 e5 12. dxe5 fxe5 13. Nbd2 {0-1 (33) Vargas,D (1676)-Franco Valencia,B (2210) Quibdo 2015}) 7... h5 8. Bd3 {The position is equal.} Nh6 9. h3 Nf5 10. Bf4 Qa5 (10... f6 $15) 11. Nbd2 {[%cal Bb1d2,Bd2b3,Bb3c5][%mdl 32]} Bh6 12. Bxh6 Nxh6 13. O-O $36 {[%mdl 2048] White is more active.} Bf5 14. Nb3 Qc7 15. Qd2 (15. Bb5 $16) 15... Bxd3 $11 16. Qxd3 O-O 17. Rfe1 e6 18. Nc5 b6 $2 {[%mdl 8192] [#]} (18... Rae8 $14) 19. Qd2 $2 (19. Nxe6 $1 $18 {[%mdl 512]} Qd6 (19... fxe6 20. Qxg6+) 20. Nxf8 Rxf8 21. Re2) 19... Kg7 20. Nd3 Ng8 21. Qg5 Qe7 22. Qd2 (22. Qf4 {with more complications.} Nf6 23. h4 Rac8 24. Ng5 Kg8 25. g3) 22... Nf6 23. Nde5 Nxe5 24. Nxe5 Ne4 25. Qe3 (25. Qf4 {feels hotter.} Qf6 26. Qe3 Qg5 27. Qxg5 Nxg5 28. f3) 25... Qg5 (25... Rac8 {looks sharper.} 26. a4 a5 27. Ra3 Rc7 28. Qf4 Rfc8) 26. Qxg5 Nxg5 27. f3 Rfc8 28. Kf2 Rc7 29. a4 Nh7 30. a5 b5 31. Nd3 a6 32. Nc5 Nf6 33. g4 hxg4 34. hxg4 Rc6 35. Rh1 Rh8 36. Ke3 Rxh1 37. Rxh1 $14 {[%mdl 4096] Endgame KRN-KRN} Ne8 38. g5 Nd6 39. Nd7 (39. Kf4 $14 {stays ahead.}) 39... Nc4+ $17 {[%mdl 64] Double Attack} 40. Kf4 Nxb2 41. Nf6 $2 (41. Nc5 $17 {might work better.}) 41... Nd3+ 42. Ke3 Rxc3 43. Rh7+ Kf8 44. Rh8+ Ke7 45. Kd2 Ra3 46. Ra8 Nf4 $2 (46... Nb2 $19 {Strongly threatening ...Nc4+.} 47. Ng8+ Kd7 48. Ra7+ Ke8) 47. Ra7+ (47. Ng8+ $1 $11 Kd7 48. Ra7+ Kd8 49. Ne7) 47... Kd6 $2 {[%mdl 8192]} (47... Kd8 $17 48. Ng4 Nh3) 48. Rxa6+ $2 (48. Ne8+ Kc6 49. Rc7#) 48... Kc7 {...Kb7 is the strong threat.} 49. Ra7+ Kc6 50. Nd7 {Intending Ne5+ and mate.} b4 {[%cal Bb5b4,Bb4b3][%mdl 32] aiming for ...Ra2+.} 51. Ne5+ {[%mdl 64] Double Attack, Discovered Attack} Kb5 52. Nxf7 $2 {[%mdl 8192]} (52. Rxf7 $11 Ra2+ 53. Kd1) 52... Ra2+ $19 ({Inferior is} 52... Rxf3 53. Nd6+ Kc6 54. Ra6+ Kd7 55. Nb5 $11) ({Less strong is} 52... Rxa5 53. Rb7+ Ka4 54. Ne5 $15) 53. Kd1 $2 (53. Ke3 Ng2+ 54. Kd3) 53... b3 54. Rb7+ Ka4 $2 ({Black should try} 54... Kc4 $19 55. Nd6+ Kxd4 56. Rxb3 Nd3) 55. a6 $11 Ka3 {White must now prevent ...Kb2.} 56. a7 Kb2 57. Ne5 Ra1+ (57... Kc3 $11 58. Rc7+ Kxd4) 58. Kd2 $16 {And now Nc6 would win.} Rh1 $2 {[%mdl 8192]} (58... Ra2 $16) 59. a8=Q Rh2+ 60. Ke1 (60. Ke3 $142 Ng2+ 61. Kf2 Nh4+ 62. Kg3 Nxf3 63. Qa4 Nd2 64. Kxh2 Kc2 65. Qc6+ Kd1 66. Qxe6) 60... Rh1+ {[#]} 61. Kf2 $1 {White threatens Qa4 and mate.} Nd3+ 62. Nxd3+ Kc3 63. Rxb3+ {[%mdl 64] Clearance} Kxb3 64. Qb7+ Kc3 65. Ne5 (65. Ke3 $142 Re1+ 66. Nxe1 e5 67. Nd3 exd4+ 68. Ke2 Kc4 69. Qb4#) 65... Rh2+ {[#]} 66. Kg3 $1 Rb2 67. Qc6+ Kd2 68. Qxe6 Rb3 69. Qxd5 Rc3 70. Nc4+ Kc2 71. Ne5 $2 (71. Kf2 {mates} Kc1 72. Ne5 Rc2+ 73. Ke3 Kb1 74. Nd3 Ka1 75. Qb5 Rh2 76. d5) 71... Re3 $2 {[%mdl 8192] [#]} (71... Kd2 $11 72. Nxg6 Rc1 73. Qa2+ Ke3 74. Qa3+ Kd2 75. Qxc1+ {[%mdl 64] Promotion} Kxc1 76. d5 Kc2) 72. Qe4+ $3 {White mates.} Kd2 {[#]} (72... Rxe4 73. fxe4) 73. Qxe3+ $3 Kxe3 74. Nxg6 Kxd4 75. Nf4 Ke5 76. g6 Kf6 77. Kg4 Kg7 78. Kh5 Kg8 79. Kg5 Kg7 80. Nh5+ Kg8 81. f4 Kh8 82. f5 Kg8 83. f6 Kf8 84. Kf5 Ke8 85. Ke6 {Both players deserved the win here. Accuracy: White = 65%, Black = 67%.} 1-0

[Event "Stay Safe Play From Home 138"]
[Site "T#645932Emanuel Laske"]
[Date "2020.05.10"]
[Round "7"]
[White "Haris kollari 13"]
[Black "Little champs"]
[Result "0-1"]
[WhiteElo "1885"]
[BlackElo "2197"]
[Annotator "TA"]
[PlyCount "66"]
[EventDate "2020.05.10"]
[EventType "swiss (blitz)"]

{[%evp 14,65,72,65,80,69,72,72,108,113,105,100,130,84,86,79,124,133,185,187,175,151,900,175,318,326,305,214,785,-705,-700,-2048,-1825,-29984,-29985,-2636,-1140,-29984,-5389,-5381,-5310,-29994,-29993,-29995,-29996,-29996,-29997,-29997,-29996,-29996,-29997,-29998,-29998,-29999]} 1. e4 c5 2. Nf3 d6 3. d4 cxd4 4. Nxd4 Nf6 5. Nc3 a6 6. f4 e5 7. Nf3 exf4 8. Bxf4 Be7 {B93: Sicilian Najdorf: 6 f4.} 9. Qd2 O-O 10. O-O-O {[#]} Bg4 $146 {White is better.} ({Predecessor:} 10... Be6 11. Nd4 Bd7 12. Nf5 Bxf5 13. exf5 Nc6 14. Bxd6 Bxd6 15. Qxd6 Qa5 16. Qf4 b5 {½-½ (52) Kessler,L (2324)-Eybl,A (2240) Austria 2016}) 11. Bxd6 Bxd6 12. Qxd6 Qa5 13. Be2 Nc6 14. Qf4 Bxf3 15. gxf3 Rac8 (15... Rad8 $16 16. Qe3 Rxd1+ 17. Rxd1 Rd8) 16. Rhg1 $1 $18 {[%cal Rg1g7]} Kh8 17. Bc4 b5 $2 {[#]} (17... Qc5 $16) 18. Bb3 $2 (18. Rxg7 $1 {[%mdl 512]} Nh5 (18... Kxg7 19. Rg1+) 19. Rxh7+ $3 {[%mdl 576] Decoy} Kxh7 20. Qf5+ Kh6 21. Rd5 $1 {[%mdl 512]} bxc4 22. Qxh5+ Kg7 23. Rg5+ Kf6 24. Rxa5 Nxa5 25. Nd5+ Ke6 26. Nf4+ {[%mdl 64] Discovered Attack} Kf6 27. Qh6+ Ke5 28. Qg5+ Kd6 29. Qxa5) 18... b4 (18... Qc7 $142 19. Qxc7 Rxc7) 19. Nd5 {Hoping for Rxg7!} Nxd5 20. Rxd5 ({Not} 20. Bxd5 Qc7 $16) 20... Qb6 $2 {[#]} (20... Qc7 21. Qxc7 Rxc7) 21. Rd7 $4 {[%mdl 8192]} ({Weaker is} 21. Rdg5 Nd4 $11) (21. Rxg7 $1 $18 {[%mdl 512]} Ne5 (21... Kxg7 22. Rg5+) 22. Qxe5 Qe3+ 23. Rd2) 21... Qxg1+ $19 22. Kd2 Rcd8 23. Rd5 Qf2+ 24. Kd3 Ne7 25. Rxd8 Rxd8+ 26. Bd5 Nxd5 27. Qg5 Nf6+ {Black mates.} 28. Kc4 Qxc2+ {[%mdl 64] Double Attack} 29. Kxb4 Qxb2+ 30. Ka5 Qxa2+ 31. Kb6 Qb3+ 32. Kc7 Rd7+ 33. Kc8 Qb7# {Quite a comeback for Black. Accuracy: White = 46%, Black = 37%.} 0-1

[Event "Stay Safe Play From Home 138"]
[Site "T#645932Emanuel Laske"]
[Date "2020.05.10"]
[Round "7"]
[White "Dukic"]
[Black "Zacko1"]
[Result "1-0"]
[WhiteElo "1850"]
[BlackElo "1853"]
[Annotator "NA RC"]
[PlyCount "123"]
[EventDate "2020.05.10"]
[EventType "swiss (blitz)"]

1. d4 {[%emt 0:00:04]} d5 {[%emt 0:00:01]} 2. c4 {[%emt 0:00:01]} c6 {[%emt 0:00:01]} 3. Nc3 {[%emt 0:00:01]} e6 {[%emt 0:00:01]} 4. e3 {[%emt 0:00:02]} f5 {[%emt 0:00:01]} 5. Nf3 {[%emt 0:00:01]} Nf6 {[%emt 0:00:00]} 6. Bd3 {[%emt 0:00:01]} Bd6 {[%emt 0:00:01]} 7. O-O {[%emt 0:00:01]} O-O {[%emt 0:00:00]} 8. b3 {[%emt 0:00:01]} Ne4 {[%emt 0:00:01]} 9. Ne2 {[%emt 0:00:01]} Nd7 {[%emt 0:00:05]} 10. Bb2 {[%emt 0:00:01]} Qe8 {[%emt 0:00:03]} 11. Bc2 {[%emt 0:00:02]} a5 {[%emt 0:00:01]} 12. Nf4 {[%emt 0:00:01]} g5 {[%emt 0:00:10]} 13. Nd3 {[%emt 0:00:01]} g4 {[%emt 0:00:06]} 14. Nfe5 {[%emt 0:00:01]} Nxe5 {[%emt 0:00:01]} 15. dxe5 {[%emt 0:00:06]} Be7 {[%emt 0:00:03]} 16. f3 {[%emt 0:00:01]} gxf3 {[%emt 0:00:05]} 17. gxf3 {[%emt 0:00:01]} Ng5 {[%emt 0:00:02]} 18. Kh1 {[%emt 0:00:03]} Kh8 {[%emt 0:00:00]} 19. Rg1 {[%emt 0:00:02]} Qh5 {[%emt 0:00:03]} 20. Rg3 {[%emt 0:00:09]} Rg8 {[%emt 0:00:04]} 21. Nf4 {[%emt 0:00:01]} Qf7 {[%emt 0:00:03]} 22. Qe2 {[%emt 0:00:08]} Bd7 {[%emt 0:00:02]} 23. Rag1 {[%emt 0:00:03]} Rg7 {[%emt 0:00:03]} 24. cxd5 {[%emt 0:00:07]} cxd5 {[%emt 0:00:01]} 25. h4 {[%emt 0:00:10]} h6 {[%emt 0:00:27]} 26. hxg5 {[%emt 0:00:13]} hxg5 {[%emt 0:00:01]} 27. Rh3+ {[%emt 0:00:16]} Kg8 {[%emt 0:00:01]} 28. Nh5 {[%emt 0:00:02]} Rh7 {[%emt 0:00:01]} 29. Qh2 {[%emt 0:00:02]} Rc8 {[%emt 0:00:18]} 30. Bd3 {[%emt 0:00:04]} d4 {[%emt 0:00:07]} 31. Bxd4 {[%emt 0:00:05]} Bc6 {[%emt 0:00:01]} 32. Be2 {[%emt 0:00:26]} g4 {[%emt 0:00:15]} 33. Nf6+ {[%emt 0:00:03]} Bxf6 {[%emt 0:00:06]} 34. Rxh7 {[%emt 0:00:02]} Qxh7 {[%emt 0:00:01]} 35. Qxh7+ {[%emt 0:00:01]} Kxh7 {[%emt 0:00:01]} 36. exf6 {[%emt 0:00:01]} Kg6 {[%emt 0:00:02]} 37. e4 {[%emt 0:00:10]} Rd8 {[%emt 0:00:07]} 38. Bc3 {[%emt 0:00:20]} Rc8 {[%emt 0:00:16]} 39. Be5 {[%emt 0:00:06]} Rh8+ {[%emt 0:00:11]} 40. Kg2 {[%emt 0:00:02]} fxe4 {[%emt 0:00:05]} 41. fxg4 {[%emt 0:00:06]} Kg5 {[%emt 0:00:06]} 42. Kg3 {[%emt 0:00:03]} e3 {[%emt 0:00:07]} 43. Rf1 {[%emt 0:00:02]} Rf8 {[%emt 0:00:14]} 44. f7 {[%emt 0:00:07]} Be4 {[%emt 0:00:05]} 45. Bd6 {[%emt 0:00:02]} Rc8 {[%emt 0:00:03]} 46. f8=Q {[%emt 0:00:03]} Rxf8 {[%emt 0:00:00]} 47. Bxf8 {[%emt 0:00:02]} a4 {[%emt 0:00:00]} 48. Be7+ {[%emt 0:00:02]} Kg6 {[%emt 0:00:01]} 49. Kf4 {[%emt 0:00:01]} Bd5 {[%emt 0:00:01]} 50. Kxe3 {[%emt 0:00:03]} axb3 {[%emt 0:00:00]} 51. axb3 {[%emt 0:00:02]} Bxb3 {[%emt 0:00:00]} 52. Bd3+ {[%emt 0:00:02]} Kg7 {[%emt 0:00:01]} 53. g5 {[%emt 0:00:02]} Bd5 {[%emt 0:00:00]} 54. Bf6+ {[%emt 0:00:01]} Kg8 {[%emt 0:00:01]} 55. Rc1 {[%emt 0:00:01]} Bc6 {[%emt 0:00:01]} 56. Kf4 {[%emt 0:00:01]} Kf7 {[%emt 0:00:02]} 57. Ke5 {[%emt 0:00:00]} Kg8 {[%emt 0:00:01]} 58. Bg6 {[%emt 0:00:01]} Kf8 {[%emt 0:00:09]} 59. Ra1 {[%emt 0:00:01]} b6 {[%emt 0:00:03]} 60. Ra7 {[%emt 0:00:01]} Be8 {[%emt 0:00:02]} 61. Ra8 {[%emt 0:00:01]} b5 {[%emt 0:00:02]} 62. Rxe8# {[%emt 0:00:00] (Lag: Av=0.23s, max=0.3s)} 1-0